000 00780nam a22002297a 4500
999 _c16271
_d16271
003 AR-CdUCM
008 190502b ||||| |||| 00| 0 spa d
040 _aMUNICIPALIDAD PROVINCIAL DEL CUSCO
_cBIBLIOTECA MUNICIPAL DEL CUSCO
082 _a498.5315 /
_bC75
100 _aCoombs, David
_918382
245 _aGramática quechua :
_bSan Martín /
260 _aLima :
_bMinisterio de Educación,
_c1976.
300 _a222 páginas ;
_c20 cm.
505 _aContenido: Fonología -- Generalidades gramaticales -- Oraciones simples -- La frase nominal...
650 _aLengua quechua
_97426
650 _aSan Martín
_9306
650 _aGramática
_99175
700 _aCoombs, Heidi
_935620
700 _aWeber, Robert
_935621
942 _2ddc
_cLIBROS
945 _adavv
_d02/05/2019